000 00274nam a22001217a 4500
999 _c528449
_d528449
003 NUST
038 _aMSOHAIL
082 _a0
245 _aTransportation Research Record Journal: No.2095 (Vol-3)
260 _aWashington
_bTRB
_c2009
300 _a151,p;,
942 _2ddc
_cBK